LEADER 02916nam0 2200505 i 450 001 BVEE012230 005 20170908093156.0 012 $aenba a.er indi tupa (3) 1558 (R)$2fei$9Var. B 012 $aiao- a.er indi tupa (3) 1547 (R)$2fei 100 $a20130529d1547 ||||0itac50 ba 101 | $alat 102 $ait 181 1$6z01$ai $bxxxe 182 1$6z01$an 200 1 $a˜I œSette libri di Xenophonte della impresa di Ciro Minore tradotti per m. Lodouico Domenichi. Con la tauola 210 $aIn Vinegia$cappresso Gabriel Giolito de Ferrari$d1547$eIn Vinegia$gappresso Gabriel Giolito de Ferrari$h1547 215 $a154, [6] c.$d8º 300 $aMarca (Z535) sul front 300 $aCors. ; rom 300 $aSegn.: A-V⁸ 300 $aIniziali e fregi xil 300 $aVar. B: 1558 [ma 1548], con primo fasc. ricomposto. 316 $a1 v.( Nel piatto anteriore della cop., ex libris della Biblioteca Provinciale e del Fondo Pizzofalcone. - .Sul front., timbri della Binlioteca Provonciale)$5IT-NA0079, BIB. PROV.3. 597 317 $aProvenienza: *Biblioteca Provinciale . Ex libris e timbri$5IT-NA0079 BIB. PROV. 3. 597 500 10$aAnabasis$3BVEE010874$9CFIV019634$917569 620 $dVenezia$3SBLL003553 700 0$aXenophon$3CFIV019634$4070$075253 702 1$aDomenichi$b, Lodovico$3CFIV076223 712 02$aGiolito de Ferrari, Gabriele$3BVEV017412$4650 712 02$aBiblioteca Provinciale$c $3NAPP000540$4320$5IT-NA0079 BIB. PROV. 3. 597 790 0$aSenofonte$c <430 a. C.-ca. 355 a. C.>$3CFIV019635$zXenophon 790 0$aXenophon : Atheniensis$3SBNV038485$zXenophon 790 1$aAnditimi$b, Eranchirio$3BVEV030790$zDomenichi, Lodovico 790 0$aChinimedo Covidolo$3SBNV014463$zDomenichi, Lodovico 790 0$aChinimedo Dovicolo$3SBNV014464$zDomenichi, Lodovico 790 1$aDomenichi$b, Ludovico$3SBNV014465$zDomenichi, Lodovico 791 02$aGiolito de Ferrari, Cabriele$3CFIV231408$zGiolito de Ferrari, Gabriele 801 3$aIT$bIT-NA0079$c20130529 850 $aIT-NA0079 912 $aBVEE012230 921 $aBVEM000543$bFenice sulle fiamme che si sprigionano da anfora retta da 2 satiri con iniziali GGF. In alto motto: De la mia morte eterna vita i vivo. In basso: Semper eadem.$cZ535$dSul front. 950 0$aBiblioteca Nazionale Vittorio Emanuele III$c1 v.$d BNBIB. PROV.3. 597$e BN 0006121525 B 1 v.( Nel piatto anteriore della cop., ex libris della Biblioteca Provinciale e del Fondo Pizzofalcone. - .Sul front., timbri della Binlioteca Provonciale)$fC $h19240102$i19240102$lNel piatto anteriore della cop., ex libris della Biblioteca Provinciale e del Fondo Pizzofalcone.$mEx libris$lSul front., timbri della Binlioteca Provonciale)$mTimbri di enti laici e persone 977 $a BN 996 $aAnabasis$917569 997 $aUNISANNIO LEADER 03344nam0 22005053i 450 001 BVEE060188 005 20170908093231.0 012 $aumME o-am v.i- lebe (3) 1759 (R)$2fei 100 $a20130726d1759 ||||0itac50 ba 101 | $alat 102 $ait 181 1$6z01$ai $bxxxe 182 1$6z01$an 200 1 $a˜L. Caelii Lactantii Firmiani œDe mortibus persecutorum liber singularis ad Donatum confessorem recensuit, variantibus lectionibus, annotationibus, castigationibus, ac dissertationibus illustravit Fr. Eduardus a S. Xaverio C. E 210 $aRomae$cex typographia Josephi, et Nicolai Grossi, in aedibus de Maximis$d1759 215 $axii, [4], 280 p. ill.$d8º 300 $aTra le c. preliminari compare l'imprimatur del generale dell'Ordine dei Carmelitani scalzi, datato 1753: ... facultatem impertimur ... Eduardo a Sancto Francisco Xaverio ... imprimendi Opera omnia Lactantii Firmiani cum notis, & Dissertationibus suis 300 $aSegn.: a8 A-Q8 R12 300 $aVignetta calcogr. (Due medaglioni istoriati) sul front. 316 $a1 v. (Timbro BR Neapolis sul front.)$5IT-NA0079, V.F. 6 A 43 316 $a1 v.$5IT-AV0045, Q 038. 180 500 10$aDe mortibus persecutorum$3PUV0405402$9CFIV074554$920313 620 $aIT$dRoma$3LO1L002924 700 1$aLactantius$b, Lucius Caecilius Firmianus$3CFIV074554$4070$0287856 702 1$aFranceschini$b, Edoardo$3CFIV133290 712 02$aGrossi, Giuseppe & Grossi, Niccolò$3UBOV119647$4650 790 1$aLactantius$b, Lucius Firmianus$3CFIV143870$zLactantius, Lucius Caecilius Firmianus 790 0$aLactance$3CFIV143871$zLactantius, Lucius Caecilius Firmianus 790 0$aLattanzio$3CFIV228337$zLactantius, Lucius Caecilius Firmianus 790 1$aLactantius Firmianus$b, Lucius Cœlius$3TO0V330707$zLactantius, Lucius Caecilius Firmianus 790 1$aLattanzio$b, Lucio Celio$3TO0V330708$zLactantius, Lucius Caecilius Firmianus 790 1$aLattanzio Firmiano$b, Lucio Celio$3TO0V330709$zLactantius, Lucius Caecilius Firmianus 790 0$aEdoardo : da San Francesco Saverio$3BVEV142582$zFranceschini, Edoardo 791 02$aGrossi, Giuseppe e Grossi, Nicola$3CFIV317002$zGrossi, Giuseppe & Grossi, Niccolò 791 02$aGrossi, Niccolo & Grossi, Giuseppe$3UBOV119649$zGrossi, Giuseppe & Grossi, Niccolò 801 3$aIT$bIT-NA0079$c20130726 850 $aIT-NA0079$aIT-AV0045 899 1$aBiblioteca Nazionale Vittorio Emanuele III$bNA0079$41 esemplare$eS$uhttp://books.google.com/books?vid=IBNN:BN000619835 912 $aBVEE060188 950 0$aBiblioteca Nazionale Vittorio Emanuele III$b1 v.$c1 v.$d BNV.F. 6 A 43$e BN 0006198355 B 1 v. (Timbro BR Neapolis sul front.)$fC $h20130726$i20130726$lTimbro BR Neapolis sul front.$mTimbri storici della biblioteca proprietaria 950 0$aBiblioteca Statale di Montevergine$d MVQ 038. 180$e MV 0000268805 C 1 v.$fZ $h20150904$i20150904 956 $aBiblioteca Nazionale Vittorio Emanuele III$b1$c $d $eBN 000619835$uhttp://books.google.com/books?vid=IBNN:BN000619835$z BNV.F. 6 A 43 977 $a BN$a MV 996 $aDe mortibus persecutorum$920313 997 $aUNISANNIO